[Event "2BLO 1718 Erfurter SK - SC Erlangen"]
[Site "?"]
[Date "2018.02.25"]
[Round "10.7"]
[White "Liepold, Stefan"]
[Black "Steinacker, Alex"]
[Result "0-1"]
[WhiteElo "2152"]
[BlackElo "2267"]
[PlyCount "92"]
[EventDate "2018.??.??"]

1. e4 g6 2. d4 Bg7 3. Nc3 c6 4. Nf3 d6 5. Be2 Nf6 6. O-O O-O 7. Bf4 Nh5 8. Be3
e5 9. Qd2 Bg4 10. Rad1 Qe7 11. h3 Bxf3 12. Bxf3 Nf6 13. g3 Na6 14. Bg2 Nc7 15.
f4 Ne6 16. d5 cxd5 17. fxe5 dxe5 18. Nxd5 Nxd5 19. exd5 Nd4 20. g4 Rad8 21. c3
Nb5 22. a4 Nd6 23. b3 b6 24. c4 f5 25. c5 bxc5 26. Bxc5 e4 27. gxf5 gxf5 28.
Kh1 Kh8 29. Qf4 Qe5 30. Qxe5 Bxe5 31. Bxa7 f4 32. Rfe1 f3 33. Bf1 Nf5 34. Bf2
Bg3 35. Kg1 e3 36. Rxe3 Bxf2+ 37. Kxf2 Nxe3 38. Kxe3 f2 39. Bg2 Rde8+ 40. Kd2
Rg8 41. Bf1 Rg5 42. Bc4 Rg1 43. Bf1 Re4 44. Rb1 Rg5 45. Bc4 Rxc4 46. bxc4 Rg1
0-1

[Event "2BLO 1718 Erfurter SK - SC Erlangen"]
[Site "?"]
[Date "2018.02.25"]
[Round "10.8"]
[White "Casper, Thomas"]
[Black "Tong, Kevin"]
[Result "1/2-1/2"]
[WhiteElo "2360"]
[BlackElo "2181"]
[PlyCount "21"]
[EventDate "2018.??.??"]

1. e4 e5 2. Bc4 Nc6 3. Nc3 Nf6 4. d3 Na5 5. Nge2 Be7 6. Bb3 Nxb3 7. axb3 d5 8.
O-O O-O 9. h3 Be6 10. Ng3 dxe4 11. dxe4 1/2-1/2

[Event "2BLO 1718 SG AE Magdeburg - SC Forchhei"]
[Site "?"]
[Date "2018.02.25"]
[Round "10.1"]
[White "Jansa, Vlastimil"]
[Black "Degtiarev, Evgeny"]
[Result "1/2-1/2"]
[WhiteElo "2445"]
[BlackElo "2401"]
[PlyCount "119"]
[EventDate "2018.??.??"]

1. e4 e5 2. Nf3 Nc6 3. Bb5 a6 4. Ba4 Nf6 5. O-O Be7 6. Re1 b5 7. Bb3 O-O 8. h3
d6 9. c3 Qd7 10. d4 Re8 11. Nbd2 Bf8 12. a4 Bb7 13. d5 Ne7 14. Nf1 h6 15. Ng3
c6 16. dxc6 Bxc6 17. Nh2 d5 18. axb5 axb5 19. Rxa8 Bxa8 20. Ng4 Nxg4 21. hxg4
Bc6 22. Qf3 Qe6 23. Qe2 b4 24. cxb4 Rb8 25. Bd2 Ng6 26. Qd3 Qxg4 27. exd5 Bb5
28. Qe4 Bd7 29. Qxg4 Bxg4 30. Re4 Bd7 31. Rc4 Bb5 32. Rc7 Bd6 33. Rc1 Bd7 34.
Ne4 Bxb4 35. Bxb4 Rxb4 36. Nc5 Nf8 37. d6 Rb6 38. Nxd7 Nxd7 39. Rc8+ Kh7 40.
Bxf7 Rxd6 41. Rd8 Rd1+ 42. Kh2 Rd4 43. b4 g5 44. Kg3 Kg7 45. Be8 Nf6 46. Rxd4
exd4 47. Bc6 Kf7 48. b5 Ke7 49. b6 Kd6 50. b7 Kc7 51. f3 Nh5+ 52. Kg4 Nf4 53.
g3 Ne6 54. Kh5 d3 55. Kxh6 Nd4 56. Ba4 Nxf3 57. Kh5 Kxb7 58. Bd1 Nh2 59. Kxg5
Nf1 60. Kf4 1/2-1/2

[Event "2BLO 1718 SG AE Magdeburg - SC Forchhei"]
[Site "?"]
[Date "2018.02.25"]
[Round "10.2"]
[White "Woellermann, Jan"]
[Black "Jirovsky, Milos"]
[Result "1/2-1/2"]
[WhiteElo "2375"]
[BlackElo "2455"]
[PlyCount "31"]
[EventDate "2018.??.??"]

1. d4 d5 2. c4 c6 3. Nf3 Nf6 4. Nc3 e6 5. Bg5 Nbd7 6. e3 Qa5 7. cxd5 Nxd5 8.
Qd2 N7b6 9. Bd3 Nxc3 10. bxc3 Na4 11. O-O Qxc3 12. Qe2 Qb2 13. Bc2 Qb5 14. Bd3
Qb2 15. Bc2 Qb5 16. Bd3 1/2-1/2

[Event "2BLO 1718 SG AE Magdeburg - SC Forchhei"]
[Site "?"]
[Date "2018.02.25"]
[Round "10.3"]
[White "Rupprecht, Andreas"]
[Black "Paul, Johannes"]
[Result "1/2-1/2"]
[WhiteElo "2399"]
[BlackElo "2293"]
[PlyCount "81"]
[EventDate "2018.??.??"]

1. e4 c5 2. Nf3 e6 3. g3 d5 4. exd5 exd5 5. d4 Nf6 6. Bg2 Be7 7. O-O O-O 8. Nc3
Nc6 9. Bg5 cxd4 10. Nxd4 h6 11. Be3 Bg4 12. Qd3 Qd7 13. Rfe1 Bb4 14. Nxc6 bxc6
15. Bd4 Bf5 16. Qd1 Rfe8 17. Bxf6 Rxe1+ 18. Qxe1 gxf6 19. Nxd5 Bxe1 20. Nxf6+
Kg7 21. Nxd7 Bd2 22. Rd1 Bg5 23. h4 Bxc2 24. Rd6 Be7 25. Rxc6 Rd8 26. Ne5 Rd1+
27. Kh2 Rd2 28. Rc7 Kf6 29. Nf3 Rxf2 30. Kg1 Re2 31. Nd4 Bd6 32. Rc6 Rxg2+ 33.
Kxg2 Be4+ 34. Kh3 Bxc6 35. Nxc6 a6 36. Kg4 Kg6 37. a3 h5+ 38. Kf3 Kf5 39. Nd4+
Ke5 40. Ne2 Kd5 41. b4 1/2-1/2

[Event "2BLO 1718 SG AE Magdeburg - SC Forchhei"]
[Site "?"]
[Date "2018.02.25"]
[Round "10.4"]
[White "Melamed, Tatjana"]
[Black "Heidrich, Manfred"]
[Result "1/2-1/2"]
[WhiteElo "2356"]
[BlackElo "2358"]
[PlyCount "138"]
[EventDate "2018.??.??"]

1. e4 e6 2. d4 d5 3. Nd2 Nf6 4. e5 Nfd7 5. Bd3 c5 6. c3 Nc6 7. Ne2 f6 8. exf6
Nxf6 9. O-O Bd6 10. Nf3 O-O 11. Bf4 Bxf4 12. Nxf4 cxd4 13. cxd4 Ne4 14. Qc1 Qd6
15. Ne2 e5 16. dxe5 Nxe5 17. Nxe5 Qxe5 18. f3 Nd6 19. Qc3 Qxc3 20. Nxc3 Be6 21.
Rfe1 Rfe8 22. Bb5 Nxb5 23. Nxb5 Bd7 24. Nd4 Rac8 25. Kf2 Kf7 26. Rac1 Rxe1 27.
Rxe1 Rc4 28. Ke3 Ke7 29. b3 Rc5 30. Kd2+ Kd6 31. f4 Rc8 32. Re5 Rf8 33. g3 g6
34. a3 b6 35. Ne2 Rf5 36. Rxf5 gxf5 37. Kc3 a5 38. Kd4 Bc6 39. Nc3 Ke6 40. Nd1
Kd6 41. Ne3 Ke6 42. h3 h5 43. Nd1 Kd6 44. Ne3 Ke6 45. b4 axb4 46. axb4 Ba8 47.
b5 Bb7 48. h4 Bc8 49. Nxd5 Bd7 50. Nc3 Kd6 51. Kc4 Be6+ 52. Kb4 Bf7 53. Na4 Kc7
54. Kc3 Be8 55. Kc4 Bf7+ 56. Kd4 Bb3 57. Nb2 Kd6 58. Nd3 Ba4 59. Kc4 Bd1 60.
Nc1 Bf3 61. Kd4 Bd1 62. Na2 Ba4 63. Kc4 Bd1 64. Nc3 Bc2 65. Ne2 Be4 66. Kd4 Bc2
67. Kc4 Be4 68. Nc3 Bc2 69. Kd4 Bb3 1/2-1/2

[Event "2BLO 1718 SG AE Magdeburg - SC Forchhei"]
[Site "?"]
[Date "2018.02.25"]
[Round "10.5"]
[White "Doeres, Hans-Juergen"]
[Black "Andre, Gordon"]
[Result "0-1"]
[WhiteElo "2209"]
[BlackElo "2307"]
[PlyCount "106"]
[EventDate "2018.??.??"]

1. c4 c6 2. d4 d5 3. cxd5 cxd5 4. Nc3 Nf6 5. Bf4 Nc6 6. e3 a6 7. Bd3 Bg4 8. Qb3
Na5 9. Qc2 e6 10. Nge2 Bh5 11. O-O Be7 12. Rac1 O-O 13. Na4 Nc4 14. b3 Nd6 15.
Nc5 Ra7 16. Bg5 Bg6 17. Nf4 Bxd3 18. Nfxd3 h6 19. Bh4 Nf5 20. Bxf6 Bxf6 21. Ne5
Be7 22. Qe2 Bd6 23. Rc2 Qe7 24. Rfc1 Rd8 25. Ncd3 Raa8 26. g3 Qe8 27. Nc5 Rab8
28. b4 Ne7 29. Kg2 Bxe5 30. dxe5 Rdc8 31. a3 Rc7 32. Qg4 Ng6 33. f4 Rbc8 34.
Qe2 Ne7 35. Nb3 Rxc2 36. Rxc2 Rxc2 37. Qxc2 Qa4 38. Qb2 Nf5 39. Kf2 h5 40. Nc5
Qd1 41. Qe2 Qc1 42. a4 a5 43. Nd3 Qh1 44. Qxh5 axb4 45. g4 Qd1 46. Qg5 Nh6 47.
Ne1 Nxg4+ 48. Kf1 Nxe3+ 49. Kf2 Ng4+ 50. Kf1 Nxh2+ 51. Kg2 Qxe1 52. Kxh2 b3 53.
Qe7 Qf2+ 0-1

[Event "2BLO 1718 SG AE Magdeburg - SC Forchhei"]
[Site "?"]
[Date "2018.02.25"]
[Round "10.6"]
[White "Schoene, Maria"]
[Black "Bade, Joern"]
[Result "1-0"]
[WhiteElo "2222"]
[BlackElo "2257"]
[PlyCount "81"]
[EventDate "2018.??.??"]

1. e4 d6 2. d4 Nf6 3. Nc3 g6 4. Be3 c6 5. h3 b5 6. a3 a5 7. e5 Nfd7 8. f4 Nb6
9. Nf3 Be6 10. Bd3 N8d7 11. f5 Bd5 12. e6 fxe6 13. fxg6 Nf6 14. Ng5 e5 15. dxe5
dxe5 16. Nf7 Bxf7 17. gxf7+ Kxf7 18. O-O Nbd5 19. Nxd5 Qxd5 20. Qh5+ Kg8 21.
Qg5+ Bg7 22. Rf5 e6 23. Rxf6 e4 24. Be2 Qxg5 25. Bxg5 h6 26. Bh4 Bxf6 27. Bxf6
Rh7 28. Bg4 Re8 29. Re1 Rd7 30. Bc3 c5 31. Rxe4 b4 32. Rxe6 Rd1+ 33. Kh2 Rxe6
34. Bxe6+ Kf8 35. axb4 axb4 36. Be5 Rd2 37. Bb3 h5 38. Kg3 Ke7 39. Kf3 Rd1 40.
Ke4 Rg1 41. g3 1-0

[Event "2BLO 1718 SG AE Magdeburg - SC Forchhei"]
[Site "?"]
[Date "2018.02.25"]
[Round "10.7"]
[White "Wagner, Robert"]
[Black "Roseneck, Jonas"]
[Result "0-1"]
[WhiteElo "2066"]
[BlackElo "2240"]
[PlyCount "118"]
[EventDate "2018.??.??"]

1. d4 d5 2. c4 e6 3. Nc3 Bb4 4. cxd5 exd5 5. Nf3 Nf6 6. Bg5 Qd6 7. Bxf6 Qxf6 8.
Qb3 Bxc3+ 9. bxc3 Qd6 10. e3 O-O 11. Bd3 Nd7 12. Rc1 Nb6 13. O-O Bd7 14. Qb1 g6
15. Ne5 Be6 16. c4 dxc4 17. Nxc4 Qe7 18. a4 Bd5 19. Qc2 Bxc4 20. Bxc4 Qb4 21.
Bb3 c6 22. Rb1 Qa5 23. Rfc1 Rad8 24. Qc3 Qxc3 25. Rxc3 Nc8 26. Bd1 Nd6 27. Be2
Rd7 28. a5 a6 29. f3 f5 30. Kf2 Re8 31. g3 Kf7 32. Rb6 Ke7 33. Rc5 Nc8 34. Rb4
Kd6 35. Rc3 Na7 36. Rb6 Nc8 37. Rb4 Kc7 38. Rcb3 Nd6 39. Rc3 Kd8 40. Bd3 Rde7
41. Bc2 Nb5 42. Rd3 Kc8 43. Ba4 Nc7 44. Bb3 Rd8 45. Ke2 Rd6 46. Rc3 Nb5 47. Rd3
Nc7 48. Rd2 Nb5 49. Rc4 Kb8 50. Kd3 g5 51. e4 fxe4+ 52. fxe4 Rf6 53. Bd1 Rf1
54. Ke2 Rh1 55. Kf3 Nd6 56. Rcc2 Nxe4 57. Re2 Rf1+ 58. Kg4 Rxd1 59. Kf5 Rxd4
0-1

[Event "2BLO 1718 SG AE Magdeburg - SC Forchhei"]
[Site "?"]
[Date "2018.02.25"]
[Round "10.8"]
[White "Biastoch, Bennet"]
[Black "Seyb, Dieter"]
[Result "0-1"]
[WhiteElo "2131"]
[BlackElo "2190"]
[PlyCount "142"]
[EventDate "2018.??.??"]

1. e4 c5 2. Nf3 Nc6 3. d4 cxd4 4. Nxd4 e5 5. Nb5 a6 6. N5c3 Bc5 7. Bc4 d6 8.
O-O Nf6 9. Bg5 h6 10. Bxf6 Qxf6 11. Nd5 Qd8 12. a4 O-O 13. c3 Kh8 14. Nd2 f5
15. Qh5 Ne7 16. Nxe7 Qxe7 17. Nf3 Qe8 18. Qxe8 Rxe8 19. Bd5 fxe4 20. Bxe4 a5
21. Rad1 Bd7 22. b3 Bc6 23. Bd5 Ra6 24. c4 Rb6 25. Rb1 Bxd5 26. cxd5 Rb4 27.
Nd2 Rd4 28. Nc4 b6 29. Rbd1 Rf8 30. Rxd4 exd4 31. Rd1 Rf5 32. Rd3 Rxd5 33. g4
Rg5 34. h3 Rg6 35. Kg2 Re6 36. Nd2 g5 37. Nf3 Re4 38. Nd2 Re5 39. Nf3 Re4 40.
Nd2 Rf4 41. Nf1 Kg7 42. Ng3 Kg6 43. f3 Rf6 44. Ne2 Kf7 45. Nxd4 Bxd4 46. Rxd4
Ke6 47. Kf2 d5 48. Rd3 Ke5 49. Re3+ Kd6 50. Rd3 Kc5 51. Rc3+ Kd4 52. Rc1 Re6
53. Rd1+ Kc5 54. Rd3 d4 55. h4 Kd5 56. hxg5 hxg5 57. Kg2 Re2+ 58. Kf1 Rc2 59.
Ke1 Ke5 60. Kd1 Rc3 61. Rxc3 dxc3 62. Kc2 Kd4 63. Kc1 Ke3 64. Kc2 Kxf3 65. Kxc3
Kxg4 66. Kc4 Kf5 67. Kb5 g4 68. Kxb6 g3 69. Kxa5 g2 70. b4 g1=Q 71. Ka6 Qd4 0-1